Marketingový plán podniku : postup tvorby marketingového plánu bakalárska práca

Na minha lista:
Detalhes bibliográficos
Autor principal: Čema, Lukáš
Autor Corporativo: Fakulta podnikového manažmentu EU. Katedra manažmentu
Outros Autores: Šinský, Peter
Formato: Livro
Idioma:eslovaco
Publicado em: Bratislava 2009
Tags: Adicionar Tag
Sem tags, seja o primeiro a adicionar uma tag!

MARC

LEADER 00000nam$a2200000$$$4500
001 0103127
005 20240320075105.7
041 0 |a slo 
044 |a SK 
245 1 0 |a Marketingový plán podniku : postup tvorby marketingového plánu  |b bakalárska práca  |c Lukáš Čema ; škol. Peter Šinský 
264 1 |a Bratislava  |c 2009 
300 |a 41 s. 
100 1 |a Čema, Lukáš 
700 1 |a Šinský, Peter 
710 2 |a Fakulta podnikového manažmentu EU. Katedra manažmentu